000 00570nam a2200133Ia 4500
008 100328s9999 xx 000 0 und d
082 _b54000
100 _aदाते शंकर गणेश - संपा.
245 _aमराठी नियतकालिकांची सूची
260 _bमुंबई मराठी ग्रंथसंग्रहालय
630 _aमराठी नियतकालिकांची सूची
730 _aमराठी नियतकालिकांची सूची
942 _cBOOK
999 _c540728
_d540725